| 000 | 00848nam a2200241Ia 4500 | ||
|---|---|---|---|
| 999 |
_c41300 _d41300 |
||
| 001 | 7957 | ||
| 003 | GE_BSU | ||
| 005 | 20221114114628.0 | ||
| 008 | 181216s2012||||en |||||||||||||| ||en || | ||
| 020 | _a9781408237076x | ||
| 041 | _aeng | ||
| 080 | _a811.111-8+338.22 C-84 | ||
| 100 |
_aCotton David. _93235 |
||
| 245 |
_aPre-intermediate: Market Leader _bBusiness English : Course Book / _cDavid Cotton ; Simon Falvey ; Simon Kent. |
||
| 250 | _a3rd Edition. | ||
| 264 |
_aEdinburgh Gate : _bFinancial Times, _c2012. |
||
| 300 |
_a176 p .: _bill ; _c28cm. _e+2 CD. |
||
| 653 | _aMarket Leader : Business English.Pre-intermediate | ||
| 653 | _aბიზნეს ინგლისური | ||
| 700 |
_aFalvey Simon. _93236 _eრედაქტორი |
||
| 700 |
_aKent Simon. _93237 _eრედაქტორი |
||
| 942 |
_cBK _2udc |
||